Methodische Flexibilität <Ein> Ansatz zur Lösung des Software-Dilemmas in der Statistik
Na minha lista:
| Autor principal: | |
|---|---|
| Outros Autores: | |
| Formato: | Livro |
| Idioma: | alemão |
| Publicado em: |
Wien
Institut für Höhere Studien
1987
|
| Edição: | 1. ed. |
| Colecção: | Forschungsbericht
No.238 |
| Tags: |
Sem tags, seja o primeiro a adicionar uma tag!
|
MARC
| LEADER | 00000nam a2200000 4500 | ||
|---|---|---|---|
| 001 | c029696 | ||
| 005 | 20221219111152.5 | ||
| 041 | 0 | |a ger | |
| 044 | |a AT | ||
| 245 | 1 | 0 | |a Methodische Flexibilität |b <Ein> Ansatz zur Lösung des Software-Dilemmas in der Statistik |c Kurt Rodler, Karl Zolles |
| 250 | |a 1. ed. | ||
| 264 | 1 | |a Wien |b Institut für Höhere Studien |c 1987 | |
| 300 | |a 26 s. | ||
| 490 | 1 | |a Forschungsbericht |v No.238 | |
| 830 | 0 | |a Forschungsbericht |v No.238 | |
| 100 | 1 | |a Rodler, Kurt | |
| 700 | 1 | |a Zolles, Karl | |